Loading...
Marine minerals
| Main Author: | |
|---|---|
| Format: | Printed Book |
| Language: | English |
| Published: |
London
Reidel
1985
|
| LEADER | 00448nam a2200145 a 4500 | ||
|---|---|---|---|
| 005 | 20151028162115.0 | ||
| 008 | 960221s1955 dcuabcdjdbkoqu001 0deng d | ||
| 003 | ViArRB | ||
| 082 | |a 553 |b M52 | ||
| 100 | |a Teleki, P G |9 19270 | ||
| 245 | |a Marine minerals | ||
| 942 | |c BK |6 _ | ||
| 260 | |a London |b Reidel |c 1985 | ||
| 999 | |c 75216 |d 75216 | ||
| 952 | |0 0 |1 0 |2 ddc |4 0 |6 553_M52 |7 0 |9 87738 |a SOS |b SOS |c CART |d 2010-02-22 |l 6 |m 3 |o 553 M52 |p MS005565 |r 2015-10-06 |s 2015-07-07 |w 2009-07-13 |y BK | ||